[Event "3rd Women Masters"]
[Site "Wuxi CHN"]
[Date "2013.06.06"]
[Round "6.4"]
[White "Gunina,V"]
[Black "Shen Yang"]
[Result "1-0"]
[WhiteElo "2514"]
[BlackElo "2397"]

1.Nf3 d5 2.g3 Nf6 3.Bg2 c5 4.d4 cxd4 5.Nxd4 e5 6.Nb3 Bb4+ 7.c3 Be7 8.Bg5 Nbd7
9.O-O O-O 10.Qc2 Qb6 11.c4 d4 12.e3 h6 13.Bxf6 Bxf6 14.exd4 exd4 15.c5 Qa6
16.Rd1 Re8 17.Bf1 Qc6 18.N1d2 Rd8 19.Bg2 Qa6 20.Ne4 Nf8 21.c6 Qxc6 22.Qxc6 bxc6
23.Nxf6+ gxf6 24.Rxd4 Ne6 25.Rc4 Rb8 26.Bxc6 Rb6 27.Rac1 Ba6 28.R4c2 Rxb3
29.axb3 Nd4 30.Rd2 Nxc6 31.Rxd8+ Nxd8 32.Ra1 Bb5 33.Rxa7 Nc6 34.Rb7 Nd4 35.f4 f5
36.Kf2 Bc6 37.Rb8+ Kg7 38.Ke3 Nf3 39.h3 h5 40.h4 Nh2 41.Rc8 Be4 42.b4 Nf3
43.Kf2 Nd2 44.Ke2 Nb3 45.Ke3 Kf6 46.Rd8 Ke6 47.Rh8 Na1 48.Kd4 Nb3+ 49.Kc4 Nd2+
50.Kd4 Nb3+ 51.Ke3 Na1 52.b5 Nc2+ 53.Ke2 Nb4 54.Rxh5 Nd3 55.Ke3 Nxb2 56.Kd4 Nd3
57.Rg5 f6 58.Rg7  1-0

[Event "35th Nezhmetdinov Cup"]
[Site "Kazan RUS"]
[Date "2013.06.07"]
[Round "8.22"]
[White "Isajevsky,A"]
[Black "Mischuk,D"]
[Result "1/2-1/2"]
[WhiteElo "2415"]
[BlackElo "2312"]

1.Nf3 d5 2.g3 Nf6 3.Bg2 g6 4.b3 Bg7 5.Bb2 c5 6.c4 d4 7.e3 Nc6 8.exd4 cxd4
9.O-O O-O 10.Re1 a5 11.Ne5 Nxe5 12.Rxe5 Nd7 13.Rb5 Qc7 14.d3 Ne5 15.h3 Rb8
16.Na3 e6 17.b4 axb4 18.Rxb4 Qe7 19.Nc2 Rd8 20.Rb1 Bd7 21.Bxd4 Nc6 22.Bb6 Nxb4
23.Rxb4 Rdc8 24.Ba7 Ra8 25.Rxb7 Qe8 26.Nb4 Bf8 27.Qd2 Bxb4 28.Qxb4 Bc6 29.Bxc6 Rxc6
30.Bd4 e5 31.Re7 Qd8 32.Qb7 Rb8 33.Rd7 Rxb7 34.Rxd8+ Kg7 35.Bxe5+ f6 36.Bd4 Ra6
37.Be3 Rxa2 38.d4 Kf7 39.Kg2 Rc2 40.Rc8 Ke6 41.d5+ Kf7 42.Rh8 Rb3 43.Rxh7+ Ke8
44.Kf3 Rxc4 45.h4 Rd3 46.Rg7 Rxd5 47.Rxg6 Kf7 48.Rg4 Rxg4 49.Kxg4 Kg6 50.Kf4 f5
51.f3 Ra5 52.g4 fxg4 53.fxg4 Rb5 54.h5+ Rxh5 55.gxh5+ Kxh5  1/2-1/2

[Event "35th Nezhmetdinov Cup"]
[Site "Kazan RUS"]
[Date "2013.06.07"]
[Round "8.13"]
[White "Gabuzyan,H"]
[Black "Yandemirov,V"]
[Result "1/2-1/2"]
[WhiteElo "2532"]
[BlackElo "2422"]

1.g3 d5 2.Nf3 Nf6 3.Bg2 g6 4.c4 c6 5.d4 Bg7 6.cxd5 cxd5 7.Nc3 O-O 8.Ne5 e6
9.O-O Nfd7 10.f4 f6 11.Nf3 f5 12.e3 Nc6 13.Ne5 Ndxe5 14.dxe5 Bd7 15.Qe2 Qb6
16.Bd2 Rfc8 17.Rfc1 Bf8 18.g4 Be8 19.Kh1 fxg4 20.Qxg4 Ne7 21.Ne2 Nf5 22.b3 Bf7
23.Qf3 Ba3 24.Rxc8+ Rxc8 25.Bh3 Rc2 26.Rd1 Bc5 27.Bxf5 exf5 28.b4 Rxd2 29.Rxd2 Bxe3
30.Rxd5 Bxd5 31.Qxd5+ Kf8 32.Kg2 Qc6 33.Qxc6 bxc6 34.Kf3 Bb6 35.a4 a6 36.h3 Kf7
37.Nc3 Bd4 38.Ne2 Bb6 39.Nc3 Bd4 40.Ne2  1/2-1/2

[Event "35th Nezhmetdinov Cup"]
[Site "Kazan RUS"]
[Date "2013.06.07"]
[Round "8.17"]
[White "Maletin,P"]
[Black "Arslanov,S"]
[Result "1/2-1/2"]
[WhiteElo "2611"]
[BlackElo "2391"]

1.Nf3 d5 2.g3 Nf6 3.Bg2 c6 4.O-O Bg4 5.c4 e6 6.d3 Nbd7 7.cxd5 exd5 8.h3 Bxf3
9.Bxf3 Bc5 10.Bg2 O-O 11.e3 Re8 12.Nd2 a5 13.Nf3 a4 14.Bd2 Bf8 15.Bc3 c5
16.b3 b5 17.bxa4 Rxa4 18.Qb3 Qa8 19.Rfb1 b4 20.Bb2 Qa6 21.Nd2 Ra8 22.Bxf6 Nxf6
23.Bxd5 Nxd5 24.Qxd5 Rxa2 25.Nb3 Qf6 26.Rxa2 Rxa2 27.Rf1 Rc2 28.Na5 Qa6 29.Nc6 Qa2
30.Qxa2 Rxa2 31.Rb1 f6 32.d4 Ra6 33.Nb8 Ra8 34.Nd7 c4 35.Nxf8 c3 36.Rxb4 c2
37.Rc4 Ra1+ 38.Kg2 c1=Q 39.Rxc1 Rxc1 40.Ne6 Kf7 41.Nc5 f5 42.g4 Kf6 43.gxf5 Kxf5
44.Nd3 Rc3 45.Nf4 Ke4 46.Ne6 Rc6 47.Nc5+ Kd5 48.Nd3 Ke4 49.Ne5 Ra6 50.h4 Rf6
51.Kg3 Rf5 52.Kg2 Rf6 53.Ng4 Rf5 54.Nh2 Kd3 55.Nf3 Ke2 56.Ng1+ Kd3 57.Nh3 Ke4
58.Ng5+ Kd3 59.Kg3 Ke2 60.e4 Rxf2 61.d5 h6 62.Ne6 Ke3 63.e5 Rf7 64.d6 Ke4
65.Ng5+ hxg5 66.e6 gxh4+ 67.Kxh4 Rf6 68.e7 Kf4 69.Kh3 Kf3 70.Kh4 Kf4 71.Kh3 Kf3
72.Kh4 Kf4  1/2-1/2

[Event "FIDE World Rapid 2013"]
[Site "Khanty-Mansiysk RUS"]
[Date "2013.06.07"]
[Round "6.12"]
[White "Artemiev,V"]
[Black "Movsesian,S"]
[Result "0-1"]
[WhiteElo "2524"]
[BlackElo "2699"]

1.Nf3 d5 2.g3 c6 3.Bg2 Bg4 4.O-O Nd7 5.d3 Ngf6 6.c4 e6 7.cxd5 cxd5 8.Qb3 Nc5
9.Qb5+ Nfd7 10.d4 a6 11.Qb4 Nd3 12.Qb3 Nb4 13.Bd2 Nc6 14.Qxb7 Bxf3 15.Qxc6 Bxe2
16.Re1 Rc8 17.Qa4 Bb5 18.Qd1 Be7 19.Bxd5 Nf6 20.Bb7 O-O 21.Bxc8 Qxc8 22.Nc3 Bc6
23.Bg5 Rd8 24.Rc1 Qa8 25.Bxf6 Bxf6 26.d5 exd5 27.Qd3 h5 28.Ne2 d4 29.Nf4 h4
30.Rc5 Bb5 31.Qd2 d3 32.a4 Bxa4 33.Rf5 Qc6 34.g4 g6 35.Rc1 Bc2 36.Ra5 Bxb2
37.Raa1 Bxa1 38.Rxa1 Qf3 39.h3 Rd4 40.Nxg6 fxg6 41.Qc3 Qf6 42.Qc8+ Rd8 43.Qc4+ Qf7
44.Qc3 Bb3 45.Qd2 Bc4 46.Rc1 Re8 47.Qg5 Rf8 48.f3 Bd5 49.Re1 Bxf3 50.Rf1 Qa7+
51.Rf2 Be4  0-1

[Event "FIDE World Rapid 2013"]
[Site "Khanty-Mansiysk RUS"]
[Date "2013.06.07"]
[Round "9.25"]
[White "Georgiev,Ki"]
[Black "Ponkratov,P"]
[Result "0-1"]
[WhiteElo "2636"]
[BlackElo "2605"]

1.Nf3 d5 2.g3 Nc6 3.d4 Bg4 4.Bg2 Qd7 5.c4 Bxf3 6.Bxf3 dxc4 7.d5 Ne5 8.Bg2 e6
9.Nc3 exd5 10.Nxd5 c6 11.Bf4 cxd5 12.Bxe5 Bb4+ 13.Kf1 f6 14.Bf4 Ne7 15.Rc1 Rd8
16.e4 g5 17.Bd2 Bxd2 18.Qxd2 dxe4 19.Qe2 Qd2 20.Rxc4 f5 21.Rc7 h5 22.Rc2 Qxe2+
23.Kxe2 Nc6 24.Rc5 h4 25.Rhc1 hxg3 26.hxg3 g4 27.Ke3 Rd3+ 28.Kf4 Rh2 29.Rg1 Ne7
30.Ke5 b6 31.Rc7 Kf7 32.Rxa7 Rd5+ 33.Kf4 Kf6 34.Rb7 Rb5 35.Ke3 Rxb2 36.Rd1 Ke6
37.Bxe4 fxe4 38.Rdd7 Nd5+ 39.Kd4 Rb4+  0-1

[Event "FIDE World Rapid 2013"]
[Site "Khanty-Mansiysk RUS"]
[Date "2013.06.07"]
[Round "9.23"]
[White "Lagno,Kateryna"]
[Black "Artemiev,V"]
[Result "0-1"]
[WhiteElo "2542"]
[BlackElo "2524"]

1.Nf3 d5 2.g3 Nf6 3.Bg2 g6 4.c4 c6 5.d4 Bg7 6.cxd5 cxd5 7.Ne5 O-O 8.Nc3 Nc6
9.O-O e6 10.Nxc6 bxc6 11.Bf4 Ba6 12.Rc1 Nd7 13.Re1 Qa5 14.Bd6 Rfc8 15.a3 Qb6
16.e3 c5 17.dxc5 Nxc5 18.Bxc5 Rxc5 19.Na4 Rxc1 20.Qxc1 Qa5 21.Qd1 Bb5 22.b3 Rc8
23.Bf1 Be8 24.Re2 Bf8 25.Rc2 Rb8 26.Ra2 h5 27.Bd3 Bd6 28.Bc2 h4 29.b4 Qc7
30.Bb3 hxg3 31.hxg3 a5 32.Rc2 Qa7 33.Nb2 axb4 34.axb4 Qa3 35.Ba4 Bxa4 36.Nxa4 Qxb4
37.Rb2 Qa3 38.Rxb8+ Bxb8 39.Qd4 Bd6 40.Kg2 Bb4 41.Nb6 Bc5 42.Qe5 Bxb6 43.Qb8+ Kg7
44.Qxb6 Qc3 45.Qd6 Qf6 46.Qc5 Qe5 47.Kf1 Qe4 48.Qe7 e5 49.Qe8 Qf5 50.Qd8 d4
51.exd4 Qd3+ 52.Ke1 Qe4+ 53.Kd2 exd4 54.Qd6 g5 55.Qb6 f6 56.Qd8 Kf7 57.Qd7+ Kg6
58.g4 Kh6 59.Qc8 Kg7 60.Qd7+ Kg6 61.Qc8 f5 62.gxf5+ Qxf5 63.Qg8+ Kh5 64.Qh8+ Kg4
65.Qxd4+ Kf3 66.Qe3+ Kg2 67.Qg3+ Kf1 68.Ke3 Qe6+ 69.Kf3 Qe2+  0-1

[Event "2nd Server24 Open"]
[Site "Ortisei ITA"]
[Date "2013.06.07"]
[Round "7.10"]
[White "Stella,A"]
[Black "Vezzosi,P"]
[Result "1/2-1/2"]
[WhiteElo "2463"]
[BlackElo "2274"]

1.Nf3 d5 2.g3 c6 3.c4 Nf6 4.Bg2 g6 5.b3 Bg7 6.Bb2 O-O 7.O-O Re8 8.d4 Ne4
9.Nbd2 f5 10.e3 Na6 11.a3 Be6 12.Qc2 Nxd2 13.Nxd2 Rc8 14.Rfd1 Kh8 15.Rac1 Nb8
16.Nf3 Nd7 17.Ne1 Bf7 18.Nd3 e6 19.a4 g5 20.Ba3 Bh5 21.Re1 Nf6 22.cxd5 Nxd5
23.Ne5 Nf6 24.Bc5 a6 25.Bf3 Bg6 26.Nxg6+ hxg6 27.Bg2 a5 28.Ba3 Nd5 29.Qd3  1/2-1/2

[Event "French Top 12 2013"]
[Site "Haguenau FRA"]
[Date "2013.06.08"]
[Round "10.3"]
[White "Velikov,P"]
[Black "Nanu,C"]
[Result "0-1"]
[WhiteElo "2422"]
[BlackElo "2519"]

1.Nf3 d5 2.g3 g6 3.Bg2 Bg7 4.O-O Nf6 5.c4 c6 6.cxd5 cxd5 7.d4 O-O 8.Nc3 Ne4
9.Qb3 Nxc3 10.bxc3 Nc6 11.Bf4 Na5 12.Qb4 Bg4 13.Rfe1 Bxf3 14.Bxf3 Rc8 15.e4 dxe4
16.Bxe4 b6 17.Rac1 Re8 18.Qb5 e6 19.Bf3 Qe7 20.Qa6 g5 21.Be3 Nc4 22.Rcd1 h6
23.Bc1 Nd6 24.Rd3 Qc7 25.Red1 Qc4 26.Qxc4 Rxc4 27.Bd2 Rec8 28.Ra1 b5 29.Bd1 Ne4
30.a4 b4 31.cxb4 Nxd2 32.Rxd2 Rxb4 33.Raa2 Bxd4 34.a5 Kg7 35.Kg2 f5 36.h3 Kf6
37.a6 Rc3 38.Rdc2 Rxc2 39.Bxc2 Bb6 40.Bd1 e5 41.g4 f4 42.f3 e4 43.fxe4 Rxe4
44.Bf3 Rb4 45.Rc2 Ke5 46.Rd2 Bd4 47.Bb7 Rb3 48.Ra2 Rg3+ 49.Kh2 Bg1+ 50.Kh1 Bb6
51.Kh2 Rb3 52.Kg2 Kd4 53.Bf3 Ke5 54.Bb7 Kf6 55.Bf3 Rc3 56.Bb7 Rg3+ 57.Kh2 Bg1+
58.Kh1 Bd4 59.Kh2 Be5 60.Rf2 f3  0-1

[Event "French Top 12 2013"]
[Site "Haguenau FRA"]
[Date "2013.06.08"]
[Round "10.8"]
[White "Bacrot,Nathalie"]
[Black "Milliet,S"]
[Result "0-1"]
[WhiteElo "2090"]
[BlackElo "2391"]

1.Nf3 d5 2.g3 Nc6 3.d4 Bg4 4.Bg2 Qd7 5.h3 Bxf3 6.exf3 e6 7.O-O O-O-O 8.c3 Bd6
9.Qa4 Kb8 10.b4 Nxd4 11.Qd1 Nf5 12.f4 h5 13.Qf3 Nge7 14.Nd2 c6 15.Rb1 f6
16.a4 g5 17.fxg5 fxg5 18.b5 c5 19.c4 g4 20.hxg4 Nd4 21.Qd3 hxg4 22.Bb2 Nef5
23.Bxd4 Nxd4 24.Rfe1 Qf7 25.Rb2 Rdf8 26.Qe3 Qh5 27.cxd5 exd5 28.b6 Re8 29.bxa7+ Kxa7
30.Ne4 Rxe4 31.Bxe4 dxe4 32.Rxb7+ Kxb7 33.Qxe4+ Kc7 34.Rb1 Qh2+  0-1

[Event "FIDE World Rapid 2013"]
[Site "Khanty-Mansiysk RUS"]
[Date "2013.06.08"]
[Round "13.25"]
[White "Lagno,Kateryna"]
[Black "Nadanian,A"]
[Result "0-1"]
[WhiteElo "2542"]
[BlackElo "2428"]

1.Nf3 d5 2.g3 c5 3.Bg2 Nc6 4.d4 e6 5.O-O Nf6 6.c4 Be7 7.cxd5 exd5 8.dxc5 Bxc5
9.Nc3 O-O 10.a3 Re8 11.b4 Bf8 12.Bg5 Be6 13.Nd4 h6 14.Nxe6 fxe6 15.Be3 Rc8
16.Rc1 a6 17.Na4 Ne5 18.Bc5 Bxc5 19.Nxc5 Re7 20.Bh3 Qe8 21.Qb3 b6 22.Nxa6 Rxc1
23.Rxc1 Qb5 24.Nc7 Qxe2 25.Qe3 Qh5 26.Kg2 Nfg4 27.Qe2 d4 28.Qb5 Ne3+ 29.fxe3 Qf3+
30.Kg1 Qxe3+ 31.Kg2 Qd2+  0-1

[Event "FIDE World Rapid 2013"]
[Site "Khanty-Mansiysk RUS"]
[Date "2013.06.08"]
[Round "14.10"]
[White "Ponomariov,R"]
[Black "Najer,E"]
[Result "1-0"]
[WhiteElo "2743"]
[BlackElo "2633"]

1.Nf3 d5 2.g3 g6 3.Bg2 Bg7 4.c4 dxc4 5.Qa4+ Nc6 6.Qxc4 Nf6 7.Nc3 O-O 8.d3 e5
9.O-O h6 10.Be3 Re8 11.Rac1 Be6 12.Qa4 Nd5 13.Nxd5 Bxd5 14.Rc5 Ne7 15.Rfc1 c6
16.Bd2 b6 17.R5c2 c5 18.Qh4 g5 19.Qa4 Ng6 20.Ne1 a5 21.a3 Bxg2 22.Nxg2 f5
23.Qb5 a4 24.b3 axb3 25.Qxb3+ Kh7 26.Rb1 e4 27.dxe4 Rxe4 28.Bc3 Bxc3 29.Qxc3 Rd4
30.Ne3 f4 31.Nf5 Rd1+ 32.Kg2 Qd5+ 33.f3 Ra7 34.Rxd1 Qxd1 35.Rd2 Qb1 36.Qf6 fxg3
37.hxg3 Qe1 38.Qxb6 Rg7 39.Qf6 Ra7 40.Rb2 c4 41.Qe6 g4 42.fxg4 Qa5 43.Rb8  1-0

[Event "Icelandic Open P/O 2013"]
[Site "Reykjavik ISL"]
[Date "2013.06.08"]
[Round "2"]
[White "Thorfinnsson,Bj"]
[Black "Stefansson,H"]
[Result "0-1"]
[WhiteElo "2377"]
[BlackElo "2507"]

1.Nf3 d5 2.g3 Nf6 3.Bg2 c5 4.b4 cxb4 5.a3 bxa3 6.Bxa3 g6 7.c4 Bg7 8.Nc3 dxc4
9.Qa4+ Bd7 10.Qxc4 Bc6 11.Ne5 O-O 12.Bxc6 Nxc6 13.Nxc6 bxc6 14.Qxc6 Re8 15.Ra2 Rc8
16.Qf3 e5 17.O-O e4 18.Qe3 Qd7 19.Bb2 Rc7 20.Qg5 Qh3 21.Rfa1 Rc5 22.Qh4 Qc8
23.Ra5 Rxa5 24.Rxa5 Qd8 25.Qg5 h6 26.Qb5 Qxd2 27.Rxa7 e3 28.Kg2 exf2 29.Qb3 Re6
30.Qb7 Kh7 31.Qxf7 Nh5 32.Qxe6 Qe1 33.Ra1 f1=Q+  0-1

[Event "Icelandic Open Championship 2013"]
[Site "Reykjavik ISL"]
[Date "2013.06.08"]
[Round "10.2"]
[White "Thorfinnsson,Bj"]
[Black "Thorfinnsson,Br"]
[Result "1-0"]
[WhiteElo "2377"]
[BlackElo "2478"]

1.Nf3 d5 2.g3 Nf6 3.Bg2 c6 4.O-O Bg4 5.h3 Bh5 6.c4 e6 7.Qb3 Qc8 8.Nc3 Nbd7
9.d4 Be7 10.Bf4 Nb6 11.Ne5 O-O 12.g4 Bg6 13.Rac1 Rd8 14.cxd5 exd5 15.a4 Bd6
16.Bg5 Qb8 17.f4 h6 18.Bh4 Re8 19.e4 Bxe5 20.dxe5 Nxe4 21.f5 Nd2 22.Qc2 Nxf1
23.fxg6 Ne3 24.gxf7+ Kxf7 25.Qf2+ Kg8 26.Qxe3 Nc4 27.Qc5 Nxe5 28.Rf1 b6 29.Qd4 Qd6
30.Bg3 Qc5 31.Qxc5 bxc5 32.Nxd5 Rab8 33.Nc7 Re7 34.Rf5 Nc4 35.Nd5  1-0

[Event "FIDE World Blitz 2013"]
[Site "Khanty-Mansiysk RUS"]
[Date "2013.06.09"]
[Round "1.5"]
[White "Kurnosov,I"]
[Black "Le Quang Liem"]
[Result "0-1"]
[WhiteElo "2657"]
[BlackElo "2712"]

1.g3 d5 2.Nf3 Nf6 3.Bg2 g6 4.c4 Bg7 5.cxd5 Nxd5 6.O-O O-O 7.Nc3 Nb6 8.d3 Nc6
9.Be3 e5 10.Rc1 Nd4 11.Ne4 h6 12.Nc5 c6 13.a4 Qe7 14.a5 Nd5 15.Bxd4 exd4
16.Nb3 Rd8 17.a6 Nb4 18.axb7 Bxb7 19.Na5 Rab8 20.Nd2 Ba8 21.Ndb3 Rdc8 22.Rc4 c5
23.Bxa8 Rxa8 24.Re1 Rab8 25.Nd2 Nd5 26.Nab3 h5 27.h4 Rb5 28.Qa1 Bh6 29.Nxd4 Rb4
30.N4f3 Rcb8 31.Rxb4 cxb4 32.Nc4 Nb6 33.Nxb6 Rxb6 34.d4 Rc6 35.Qa4 Re6 36.e3 Qb7
37.Nd2 Rc6 38.Nb3 Rf6 39.Nc5 Qf3 40.Qc2 a5 41.Qe2 Qd5 42.Ra1 Bf8 43.Rxa5 Bxc5
44.Rxc5 Qe4 45.Qc2 Qf3 46.Rc8+ Kh7 47.Rc7 Ra6 48.Qb1 Re6 49.Rc1 Rxe3 50.fxe3 Qxg3+
51.Kf1 Qf3+ 52.Ke1 Qxe3+ 53.Kd1 Qxd4+ 54.Ke2 Qg4+ 55.Ke3 Qg3+ 56.Kd4 Qxh4+
57.Qe4 Qf2+ 58.Kc4 Qxb2 59.Rc2 Qa3 60.Qd3 Qa6+ 61.Kd4 Qd6+ 62.Ke3 Qg3+ 63.Kd4 Qd6+
64.Ke3 Qg3+ 65.Kd2 Qf2+ 66.Kc1 Qe1+ 67.Kb2 h4 68.Qf3 Qe5+ 69.Kb3 f5 70.Rc4 Qg3
71.Qxg3 hxg3 72.Rh4+ Kg7 73.Rh1 f4 74.Kc4 g2 75.Rd1 f3 76.Kd4  0-1

[Event "FIDE World Blitz 2013"]
[Site "Khanty-Mansiysk RUS"]
[Date "2013.06.09"]
[Round "2.17"]
[White "Akopian,Vl"]
[Black "Frolyanov,D"]
[Result "1/2-1/2"]
[WhiteElo "2691"]
[BlackElo "2570"]

1.Nf3 d5 2.g3 Nf6 3.Bg2 c6 4.O-O g6 5.b3 Bg7 6.Bb2 O-O 7.c4 Bg4 8.d3 Nbd7
9.Nbd2 a5 10.h3 Bxf3 11.Bxf3 Re8 12.cxd5 cxd5 13.Rc1 e6 14.Rc2 a4 15.b4 a3
16.Ba1 Qb6 17.Qb1 Ra4 18.Qb3 Qxb4 19.Rb1 Qxb3 20.Rxb3 b6 21.Nb1 Rea8 22.Nc3 R4a6
23.Nb5 Nc5 24.Rb1 Ne8 25.Bxg7 Kxg7 26.d4 Ne4 27.Bxe4 dxe4 28.Rb3 Rd8 29.e3 Nd6
30.Rxa3 Rxa3 31.Nxa3 Ra8 32.Nb1 b5 33.Nd2 b4 34.Rb2 Ra4 35.Nb3 Nb7 36.Kg2 h5
37.g4 hxg4 38.hxg4 g5 39.f3 exf3+ 40.Kxf3 f5 41.gxf5 exf5 42.d5 Kf6 43.e4 Nd6
44.exf5 Kxf5 45.Nd4+ Ke5 46.Nc6+ Kxd5 47.Nxb4+ Kc4 48.Nc6 g4+ 49.Kxg4 Kc3+
50.Rb4 Rxb4+  1/2-1/2

[Event "FIDE World Blitz 2013"]
[Site "Khanty-Mansiysk RUS"]
[Date "2013.06.09"]
[Round "2.8"]
[White "Artemiev,V"]
[Black "Vitiugov,N"]
[Result "1/2-1/2"]
[WhiteElo "2524"]
[BlackElo "2734"]

1.Nf3 d5 2.g3 c6 3.Bg2 Bf5 4.O-O Nf6 5.d3 e6 6.b3 h6 7.c4 Be7 8.Bb2 O-O 9.Nbd2 Bh7
10.a3 a5 11.Qc2 Na6 12.Rfc1 Re8 13.Ne5 Bd6 14.Ndf3 Nc5 15.b4 Ncd7 16.c5 Nxe5
17.Nxe5 Bxe5 18.Bxe5 Nd7 19.Bc3 e5 20.e4 d4 21.Bd2 axb4 22.axb4 Qe7 23.Qb3 Nf8
24.f4 exf4 25.gxf4 Ne6 26.f5 Nc7 27.Rf1 Kh8 28.Bf4 Nb5 29.Bd6 Nxd6 30.cxd6 Qxd6
31.Rxa8 Rxa8 32.Qxf7 Bg8 33.Qxb7 Rb8 34.Qa7 Rxb4 35.Qa8 Rb8 36.Qa5 c5 37.Rc1 Qf4
38.Qxc5 Rb2 39.Rf1 Qg4 40.Rf2 Rb1+ 41.Rf1 Rb2 42.Rf2 Rb1+ 43.Rf1 Rxf1+ 44.Kxf1 Qd1+
45.Kf2 Qd2+ 46.Kg3 Qg5+ 47.Kh3 Qh5+ 48.Kg3 Qg5+ 49.Kh3 Qe3+ 50.Kg4 Qxd3 51.e5 Qe2+
52.Bf3 Qe3 53.e6 h5+ 54.Kg3 Qg5+ 55.Kf2 Qe3+ 56.Kg3 Qg5+ 57.Kf2 Qe3+ 58.Kg3 Qg5+
59.Kf2 Bxe6 60.Qf8+ Bg8 61.Bd5 Qe3+ 62.Kg2 Qe2+ 63.Kg1 Qe1+ 64.Kg2 Qe2+ 65.Kg1 Qe1+
66.Kg2 Qe2+ 67.Kg1  1/2-1/2

[Event "FIDE World Blitz 2013"]
[Site "Khanty-Mansiysk RUS"]
[Date "2013.06.09"]
[Round "3.17"]
[White "Akopian,Vl"]
[Black "Skatchkov,P"]
[Result "1-0"]
[WhiteElo "2691"]
[BlackElo "2486"]

1.Nf3 d5 2.g3 Nf6 3.Bg2 c6 4.O-O Bg4 5.c4 e6 6.cxd5 exd5 7.d3 Nbd7 8.Qb3 Qb6
9.Qc2 Be7 10.Nc3 O-O 11.e4 Rfe8 12.Be3 Qa6 13.h3 Bxf3 14.Bxf3 Ne5 15.Be2 dxe4
16.dxe4 Qa5 17.f4 Ng6 18.Bf3 Bc5 19.Bxc5 Qxc5+ 20.Qf2 Qb4 21.e5 Nd7 22.Ne4 Nb6
23.Rad1 Red8 24.Nd6 Nf8 25.Nxb7 Rxd1 26.Rxd1 Nc4 27.Nd6 Nxb2 28.Rb1 Rb8 29.Qxa7 Qb6+
30.Qxb6 Rxb6 31.Nc8 Rb4 32.Ne7+ Kh8 33.Nxc6 Rb6 34.Nd4 Nd7 35.Rc1 g6 36.Rc7 Nd3
37.Rxd7 Rb1+ 38.Kg2 Rb2+ 39.Kf1  1-0

[Event "FIDE World Blitz 2013"]
[Site "Khanty-Mansiysk RUS"]
[Date "2013.06.09"]
[Round "3.18"]
[White "Dubov,Danii"]
[Black "Frolyanov,D"]
[Result "1/2-1/2"]
[WhiteElo "2638"]
[BlackElo "2570"]

1.Nf3 d5 2.g3 Nf6 3.Bg2 c6 4.O-O g6 5.b3 Bg7 6.Bb2 O-O 7.c4 Bg4 8.d3 Nbd7
9.Nbd2 a5 10.h3 Bxf3 11.Nxf3 e6 12.Qc2 Re8 13.d4 a4 14.Nd2 axb3 15.axb3 Qb6
16.Bc3 Rec8 17.b4 Qd8 18.e3 Rxa1 19.Rxa1 Ra8 20.Ra5 Rxa5 21.bxa5 Qa8 22.Qb3 Ne8
23.e4 dxe4 24.Nxe4 Qa7 25.d5 exd5 26.cxd5 cxd5 27.Qxd5 b6 28.axb6 Nxb6 29.Qd8 Bxc3
30.Qxe8+ Kg7 31.Nd6 Qd7 32.Qe3 Qxd6 33.Qxc3+ Qf6  1/2-1/2

[Event "FIDE World Blitz 2013"]
[Site "Khanty-Mansiysk RUS"]
[Date "2013.06.09"]
[Round "3.23"]
[White "Artemiev,V"]
[Black "Bezgodov,A"]
[Result "0-1"]
[WhiteElo "2524"]
[BlackElo "2482"]

1.Nf3 d5 2.g3 Bg4 3.Bg2 Nd7 4.c4 e6 5.O-O Ngf6 6.cxd5 exd5 7.Nc3 Bd6 8.d3 O-O
9.h3 Bxf3 10.Bxf3 c6 11.Bg2 Be5 12.Bd2 Re8 13.Rc1 Qb6 14.Na4 Qb5 15.b4 Bd6
16.Qb3 Rxe2 17.Nc3 Qxd3 18.Nxe2 Qxd2 19.Nc3 a6 20.a3 Ne5 21.Rcd1 Qh6 22.Qc2 Nc4
23.Qa2 Ne3 24.Ne2 Nxf1 25.Rxf1 Re8 26.Nd4 Qg5 27.Qc2 Qe5 28.Qd3 h5 29.Nf3 Qe2
30.Qf5 Qe4 31.Qg5 Qg6 32.Qxg6 fxg6 33.Nd4 Be5 34.Nb3 Kf7 35.a4 Bc3 36.b5 axb5
37.Nc5  0-1

[Event "FIDE World Blitz 2013"]
[Site "Khanty-Mansiysk RUS"]
[Date "2013.06.09"]
[Round "4.26"]
[White "Kurnosov,I"]
[Black "Akbaev,K"]
[Result "1-0"]
[WhiteElo "2657"]
[BlackElo "2475"]

1.g3 d5 2.Nf3 Nf6 3.Bg2 c6 4.O-O h6 5.c4 Bf5 6.cxd5 cxd5 7.Qb3 Qc8 8.Nc3 e6
9.d3 Nc6 10.Bf4 a6 11.Rac1 Be7 12.e4 dxe4 13.dxe4 Nxe4 14.Ne5 Nc5 15.Qc4 Nxe5
16.Bxe5 Bd3 17.Qg4 f6 18.Qxg7 Rf8 19.Ne4 Bxe4 20.Bxe4 fxe5 21.Rfd1 Nxe4 22.Qg6+ Rf7
23.Rxc8+ Rxc8 24.Qxe4 Bc5 25.Qxe5 Rxf2 26.Qxe6+  1-0

[Event "FIDE World Blitz 2013"]
[Site "Khanty-Mansiysk RUS"]
[Date "2013.06.09"]
[Round "5.14"]
[White "Kurnosov,I"]
[Black "Nepomniachtchi,I"]
[Result "0-1"]
[WhiteElo "2657"]
[BlackElo "2717"]

1.g3 d5 2.Nf3 g6 3.Bg2 Bg7 4.c4 d4 5.O-O e5 6.d3 Ne7 7.b4 O-O 8.Na3 h6 9.c5 Nd5
10.Bd2 Re8 11.Qc2 Kh7 12.Nc4 f5 13.e4 dxe3 14.Nxe3 Nxe3 15.Bxe3 Be6 16.Rad1 Nc6
17.b5 Nb4 18.Qb1 Nd5 19.Bd2 a6 20.Rfe1 Bf7 21.bxa6 Rxa6 22.Qxb7 Rxa2 23.h4 e4
24.dxe4 fxe4 25.Nh2 Qf6 26.Ng4 Qf5 27.Ne3 Nxe3 28.Bxe3 Re7 29.Rd2 Rxd2 30.Bxd2 Bd5
31.Qb4 c6 32.Be3 Rf7 33.Re2 Qg4 34.Rd2 Be5 35.f4 Qxg3 36.Re2 Bxf4 37.Bf2 Qh2+
38.Kf1 e3 39.Bxd5 cxd5  0-1

[Event "FIDE World Blitz 2013"]
[Site "Khanty-Mansiysk RUS"]
[Date "2013.06.09"]
[Round "6.27"]
[White "Artemiev,V"]
[Black "Nadanian,A"]
[Result "1-0"]
[WhiteElo "2524"]
[BlackElo "2428"]

1.Nf3 d5 2.g3 c5 3.Bg2 Nc6 4.d4 e6 5.O-O Nf6 6.c4 Be7 7.cxd5 exd5 8.Nc3 O-O
9.dxc5 Bxc5 10.Na4 Be7 11.Be3 Bg4 12.h3 Bf5 13.Rc1 Rc8 14.Nd4 Be4 15.Nxc6 bxc6
16.Bxa7 Bxg2 17.Kxg2 Ne4 18.Bb6 Qd7 19.Bc5 Nxc5 20.Nxc5 Qa7 21.Na4 Bf6 22.b3 Rfd8
23.Qc2 h6 24.Rfd1 Bg5 25.Qc5 Qa6 26.Rc2 Re8 27.e3 Be7 28.Qb6 Qa8 29.Rdc1 c5
30.Kg1 c4 31.Qd4 Bf6 32.Qd2 Rb8 33.Nc3 cxb3 34.axb3 Red8 35.Ra2 Qb7 36.Ne2 Qxb3
37.Rac2 d4 38.Nxd4 Bxd4 39.exd4 Qf3 40.Qe3 Qf6 41.Rd2 Rd5 42.Rcd1 Rbd8 43.Kg2 Qc6
44.Qf3 R8d6 45.Kg1 Rf6 46.Qe4 Re6 47.Qc2 Qd7 48.h4 Red6 49.Qe4 Re6 50.Qf3 Rf6
51.Qc3 Rc6 52.Qb3 Rcd6 53.Qb4 h5 54.Rd3 g6 55.Qd2 Kg7 56.Qe3 Re6 57.Qf4 Rf5
58.Qc1 Qd5 59.R3d2 Ref6 60.Qc2 Rf3 61.Qc5 R3f5 62.Qxd5 Rxd5 63.Kg2 Rff5 64.Rd3 Kf6
65.Kf1 Rd7 66.Ra1 Rb5 67.Ra2 Kf5 68.Re2 Rbd5 69.Red2 Ke4 70.f3+ Kf5 71.Kf2 R7d6
72.Ke3 Re6+ 73.Kf2 Red6 74.Rd1 Rd7 75.R3d2 Rd8 76.Ke3 Re8+ 77.Kd3 Red8 78.Kc4 Ke6
79.Re1+ Kd6 80.Ra1 Rc8+ 81.Kd3 Rc6 82.Ra7 Rf5 83.Rf2 Rb6 84.Ke4 Rf6 85.Rfa2 Re6+
86.Kd3 Rb3+ 87.Kc4 Rxf3 88.R2a6+  1-0

[Event "FIDE World Blitz 2013"]
[Site "Khanty-Mansiysk RUS"]
[Date "2013.06.09"]
[Round "6.6"]
[White "Sargissian,G"]
[Black "Potkin,V"]
[Result "1/2-1/2"]
[WhiteElo "2671"]
[BlackElo "2647"]

1.Nf3 d5 2.g3 Nf6 3.Bg2 c6 4.O-O Bf5 5.d3 e6 6.c4 dxc4 7.dxc4 Qxd1 8.Rxd1 Bc2
9.Rd2 Bg6 10.Ne5 Nbd7 11.Nxg6 hxg6 12.Nc3 Bb4 13.Rc2 Ke7 14.h3 Rad8 15.Be3 Bc5
16.Bxc5+ Nxc5 17.b4 Ncd7 18.b5 cxb5 19.Nxb5 a6 20.Nd4 Nc5 21.e3 Rc8 22.Rb1 Rc7
23.Nb3 Nfd7 24.Na5 b6 25.Nc6+ Kf6 26.Nd4 Rhc8 27.f4 Nb7 28.Bxb7 Rxb7 29.Rbc1 Rbc7
30.Kf2 g5 31.Kf3 gxf4 32.gxf4 g6 33.h4 Rc5 34.Ke2 Rh5 35.Nf3 Ra5 36.Rd1 Rc7
37.Ng5 Ke7 38.Nf3 Rac5 39.Rdc1 Nf6 40.Ne5 Nd7 41.Nf3 e5 42.fxe5 Nxe5 43.Nxe5 Rxe5
44.Rb1 b5 45.a4 bxc4 46.Rb6 a5 47.Ra6 Rec5 48.Rc3 Rb7 49.Kf3 Rb4 50.Ke4 Rxa4
51.Kd4 Rc7 52.e4 Ra1 53.Ke5 a4 54.Kd4 a3 55.Raxa3 Rxa3 56.Rxa3 Kf6 57.Rf3+ Kg7
58.Kc3 Re7 59.Rf4 Rc7 60.e5 Kh6 61.Rf6 Kh5 62.Rf4 Kh6 63.Rf6 Kg7 64.Rf4 Rc6
65.Re4 Kf8 66.Rxc4 Rxc4+ 67.Kxc4 Ke7 68.Kd5 Kd7 69.Kd4 Ke6 70.Ke4 f6 71.exf6 Kxf6
72.Kf4  1/2-1/2

[Event "FIDE World Blitz 2013"]
[Site "Khanty-Mansiysk RUS"]
[Date "2013.06.09"]
[Round "6.17"]
[White "Inarkiev,E"]
[Black "Grachev,B"]
[Result "1-0"]
[WhiteElo "2680"]
[BlackElo "2683"]

1.Nf3 d5 2.g3 c6 3.Bg2 Bf5 4.O-O e6 5.c4 Nf6 6.b3 h6 7.Bb2 Bd6 8.d3 O-O 9.Nc3 Bh7
10.Re1 a5 11.cxd5 exd5 12.e4 Bb4 13.e5 Nfd7 14.a3 Bxc3 15.Bxc3 Nc5 16.Bf1 Ne6
17.Nh4 c5 18.f4 Nxf4 19.gxf4 Qxh4 20.Qf3 Nc6 21.Re2 Bf5 22.Rg2 Nd4 23.Bxd4 cxd4
24.Raa2 Rac8 25.Raf2 Rc1 26.Rg3 Rd8 27.h3 Re1 28.Rfg2 g6 29.Qf2 Rxf1+ 30.Qxf1 Qe7
31.Qf2 Qxa3 32.Qxd4 Qxb3 33.e6 fxe6 34.Qf6  1-0

[Event "FIDE World Blitz 2013"]
[Site "Khanty-Mansiysk RUS"]
[Date "2013.06.09"]
[Round "6.12"]
[White "Dubov,Danii"]
[Black "Bezgodov,A"]
[Result "1-0"]
[WhiteElo "2638"]
[BlackElo "2482"]

1.Nf3 d5 2.g3 Bg4 3.Bg2 Nd7 4.d3 e5 5.h3 Bxf3 6.Bxf3 c6 7.Bg2 h5 8.e3 h4
9.g4 Bd6 10.O-O Ne7 11.c4 dxc4 12.dxc4 Qc7 13.Nc3 Ng6 14.Qc2 O-O-O 15.Rb1 Bb4
16.Ne4 Nc5 17.a3 Nxe4 18.Qxe4 Bd2 19.b4 Bxc1 20.Rfxc1 Nf8 21.c5 Ne6 22.b5 Kd7
23.Qa4 Ke7 24.bxc6 bxc6 25.Bxc6 Rb8 26.Rxb8 Rxb8 27.Be4 g6 28.c6 Kf6 29.Qc4 Ng5
30.Rd1 Nxh3+ 31.Kg2 Ng5 32.Rd7 Qa5 33.c7 h3+ 34.Kf1 Rb2 35.c8=Q  1-0

[Event "FIDE World Blitz 2013"]
[Site "Khanty-Mansiysk RUS"]
[Date "2013.06.09"]
[Round "7.7"]
[White "Inarkiev,E"]
[Black "Potkin,V"]
[Result "1-0"]
[WhiteElo "2680"]
[BlackElo "2647"]

1.Nf3 d5 2.g3 Nf6 3.Bg2 c6 4.c4 Bf5 5.O-O e6 6.b3 Be7 7.Bb2 O-O 8.d3 h6 9.Nbd2 Nbd7
10.Re1 Bh7 11.a3 a5 12.Rc1 Re8 13.Qc2 Qb6 14.Qb1 Bc5 15.e3 e5 16.Qa1 Bd6
17.d4 e4 18.c5 Qd8 19.cxd6 exf3 20.Nxf3 Nb6 21.a4 Qxd6 22.Ba3 Qd8 23.Ne5 Nbd7
24.Qb2 Be4 25.f3 Bh7 26.Bh3 Qc7 27.Nxd7 Nxd7 28.Qd2 Nf6 29.Bb2 Bg6 30.Rf1 Qb6
31.Qc3 Rad8 32.Rce1 Nh7 33.Rf2 Ng5 34.Bf1 Ne6 35.Ba3 Rd7 36.b4 axb4 37.Qxb4 Qa7
38.Ra2 Ra8 39.Bc1 b6 40.Qc3 c5 41.dxc5 bxc5 42.Bh3 d4 43.Qc4 Rd6 44.e4 Qa6
45.Bf1 Qxc4 46.Bxc4 Nd8 47.Bf4 Rb6 48.a5 Rb4 49.Rc1 Nc6 50.a6 Rb6 51.Bc7 Rb4
52.Bd5 Rc8 53.Bxc6 Rxc7 54.a7  1-0